00531pab a2200157 454500008004000000100002900040245013200069260000900201300001300210362001200223650003200235650001400267650001500281700002600296773005100322180718b2015 xxu||||| |||| 00| 0 eng d aDick-Sagon, Christopher  aDoes monetary incentives really matter in motivating employees ? Opinions from the employees of the Ghana Rubber Estate Limited c2015 ap.84-87. aJul-Dec aGhana Rubber Estate Limited aEmployees aMotivation aAhyiah, William Sakyi aSouth Asian Journal of Socio-Political Studies